000 00504nam a2200217Ia 4500
003 0100
008 130307s9999 xx 000 0 und d
020 _a0070379904
040 _cARRUPELIB
050 _aQA43.L669 1982
100 _aLipschutz, Seymour
245 _aEssential computer mathematics
260 _aNew York
260 _bMcGraw-Hill
260 _c1982
300 _a357p.
300 _b34cm.
440 _aSchaum's outline series
650 _bEducation--History
942 0 0 _01
999 _c101568
_d101568